Bourgeoisieses- Conan Gray (Lyrics) - Statistics

General Stats
  • This quiz has been taken 26 times
  • The average score is 210 of 261
Answer Stats
Section Lyrics % Correct
B
100%
b
100%
Chorus I
100%
(I)
100%
a
95%
and
95%
be
95%
Post-Chorus Bourgeois
95%
bourgeois)
95%
(Bourgeoisie)
95%
on
95%
Verse 1 | Verse 2 The
95%
the
95%
to
95%
TV's
95%
want
95%
Want
95%
(Want)
95%
woman's
95%
blonde
89%
bourgeoisieses
89%
(Bourgeoisieses)
89%
rich
89%
She
89%
They
89%
they
89%
with
89%
wrong
89%
all
84%
are
84%
cheat
84%
how
84%
see
84%
talks
84%
that
84%
class
79%
da
79%
guy
79%
low
79%
nice
79%
night
79%
party
79%
pay
79%
pretty
79%
price
79%
sounds
79%
wives
79%
got
74%
I'm
74%
la
74%
never
74%
back
68%
But
68%
Dad
68%
di
68%
don't
68%
Maserati
68%
men
68%
Mom
68%
my
68%
need
68%
poor
68%
war
68%
at
63%
dancefloor
63%
dee
63%
draft
63%
No
63%
of
63%
time
63%
mourn
58%
Bridge (Oh
42%
oh
42%
oh)
42%
Oh
42%
(Ah
16%
No matching quizzes found
Score Distribution
Percent of People with Each Score
Percentile by Number Answered
Your Score History
You have not taken this quiz